| Tag |
First Indicator |
Second Indicator |
Subfields |
| LEADER |
00000cam a22000001a 4500 |
| 001 |
in00003269521 |
| 006 |
m d f |
| 007 |
cr bn mmmapmmp |
| 008 |
101011s1979 dcu ob f000 0 eng d |
| 005 |
20260430222302.6 |
| 035 |
|
|
|a cis2007812367
|
| 040 |
|
|
|a LexisNexis
|c LexisNexis
|d UtOrBLW
|
| 043 |
|
|
|a n-us---
|
| 074 |
|
|
|a 1028
|
| 086 |
0 |
|
|a Y 4.W 36:WMCP 96-2
|
| 099 |
|
|
|a CMP-1979-WAM-0006
|
| 110 |
1 |
|
|a United States.
|b Congress.
|b House.
|b Committee on Ways and Means.
|b Subcommittee on Social Security.
|
| 245 |
1 |
0 |
|a Social security administrative law judges :
|b survey and issue paper /
|c Subcommittee on Social Security of the Committee on Ways and Means, U.S. House of Representatives.
|
| 264 |
|
1 |
|a Washington :
|b U.S. Govt. Print. Off,
|c 1979.
|
| 300 |
|
|
|a 1 online resource.
|
| 336 |
|
|
|a text
|b txt
|2 rdacontent
|
| 337 |
|
|
|a computer
|b c
|2 rdamedia
|
| 338 |
|
|
|a online resource
|b cr
|2 rdacarrier
|
| 500 |
|
|
|a Record is based on bibliographic data in LexisNexis U.S. Congressional Research Digital Collection. Reuse except for individual research requires license from LexisNexis.
|
| 504 |
|
|
|a Includes bibliographical references.
|
| 500 |
|
|
|a Electronic resource.
|
| 650 |
|
0 |
|a Examiners (Administrative procedure)
|z United States.
|
| 650 |
|
0 |
|a Social security
|z United States.
|
| 655 |
|
7 |
|a Electronic books.
|2 local
|
| 710 |
2 |
|
|a ProQuest (Firm)
|
| 776 |
0 |
8 |
|i Print version:
|a United States. Congress. House. Committee on Ways and Means. Subcommittee on Social Security.
|t Social security administrative law judges
|w gp 79012428
|w (OCoLC)04815310
|
| 776 |
0 |
8 |
|i Microfiche version:
|a United States. Congress. House. Committee on Ways and Means. Subcommittee on Social Security.
|t Social security administrative law judges
|d [Bethesda, Md.] : LexisNexis Academic & Library Solutions,1979.
|o CIS 79 H782-11
|w (LexisNexis)cis07901716
|
| 830 |
|
0 |
|a U.S. Congressional Research.
|
| 856 |
4 |
0 |
|u http://proxy.library.tamu.edu/login?url=https://congressional.proquest.com/congcomp/getdoc?CRDC-ID=CMP-1979-WAM-0006
|z Connect to the full text of this electronic book
|t 0
|
| 998 |
|
|
|a cis07901716
|
| 999 |
|
|
|a MARS
|
| 999 |
f |
f |
|s 15e7b97a-bf08-3130-85ee-99ca8274856a
|i ca56f17c-a339-3751-a3e7-36c1da311163
|t 0
|
| 952 |
f |
f |
|a Texas A&M University
|b College Station
|c Electronic Resources
|s www_evans
|d Available Online
|t 0
|e CMP-1979-WAM-0006
|h Other scheme
|
| 998 |
f |
f |
|a CMP-1979-WAM-0006
|t 0
|l Available Online
|